00947nam a22002055i 4500001000700000003000900007005001700016008004100033040003000074100005500104245007300159260012000232300004100352596003300393650004300426651005200469852007600521999001900597952012500616163761ES-MaACL20250713063723.0010604s1873 sp |||| | spa d aCCPB | B bspa cCCPB | B1 aRodríguez de Berlanga, Manuel,d1825-190999844114aLos bronces de Osuna / cque publica Manuel Rodríguez de Berlanga. aMálaga : b[s.n.], c1873 (fimprenta que fue de José Martinez de Aguilas, hoy de Ambrosio Rubio y Alonso Cano) a[8], 256 p., [8] h. pleg. ; c24 cm. aEl imp. consta en colofón. 4aInscripciones latinas-zOsuna.9152282 4aOsuna-xRestos arqueológicos romanos.9152283 aES-MaACLjF-764 z-- Enc. pasta española conservando la cub. original c163761d163761 001040708LIBXIXaATENEOMbATENEOMcDEPO2d2008-01-17eSSCl0oF-764p1171618r2023-02-23 00:00:00w2023-02-23yMONANT